Маркетинг: теория, методика, практика: учебное пособие

Bibliografiska uppgifter
Huvudupphovsman: Бронникова Т. С. Тамара Семеновна
Sammanfattning:Учебное пособие содержит теоретическую, методическую и практическую части. В теоретической части изложены основополагающие принципы и методы осуществления маркетинговой деятельности, сформулированные на базе мирового опыта и учебных пособий по теории маркетинга отечественных и зарубежных авторов. В практической части содержатся задания, тесты, контрольные вопросы для самопроверки. Особенностью данного пособия является методический подход автора к закреплению теоретических знаний и получению практических навыков по основам маркетинга. Учебное пособие соответствует требованиям Государственного образовательного стандарта и предназначено для студентов и преподавателей экономических специальностей вузов всех форм обучения.
Språk:ryska
Publicerad: Москва, КноРус, 2013
Upplaga:4-е изд., стер.
Serie:Бакалавриат
Ämnen:
Materialtyp: MixedMaterials Bok
KOHA link:https://koha.lib.tpu.ru/cgi-bin/koha/opac-detail.pl?biblionumber=236006

MARC

LEADER 00000nam0a2200000 4500
001 236006
005 20231101231437.0
010 |a 9785406029695 
035 |a (RuTPU)RU\TPU\book\257151 
035 |a RU\TPU\book\134229 
035 |a RU\TPU\book\184554 
090 |a 236006 
100 |a 20071025d2013 m y0rusy50 ca 
101 0 |a rus 
102 |a RU 
105 |a a j 001zy 
200 1 |a Маркетинг: теория, методика, практика  |e учебное пособие  |f Т. С. Бронникова 
205 |a 4-е изд., стер. 
210 |a Москва  |c КноРус  |d 2013 
215 |a 208 с.  |c ил. 
225 1 |a Бакалавриат 
320 |a Словарь терминов: с. 193-200. 
320 |a Литература: с. 201-202. 
330 |a Учебное пособие содержит теоретическую, методическую и практическую части. В теоретической части изложены основополагающие принципы и методы осуществления маркетинговой деятельности, сформулированные на базе мирового опыта и учебных пособий по теории маркетинга отечественных и зарубежных авторов. В практической части содержатся задания, тесты, контрольные вопросы для самопроверки. Особенностью данного пособия является методический подход автора к закреплению теоретических знаний и получению практических навыков по основам маркетинга. Учебное пособие соответствует требованиям Государственного образовательного стандарта и предназначено для студентов и преподавателей экономических специальностей вузов всех форм обучения. 
451 1 |0 (RuTPU)RU\TPU\book\134229  |y 978-5-85971-607-4  |t Маркетинг: теория, методика, практика  |o учебное пособие  |f Т. С. Бронникова  |c М.  |n КноРус  |d 2007  |p 208 с.  |a Бронникова, Т. С. 
606 1 |a Маркетинг  |2 stltpush  |3 (RuTPU)RU\TPU\subj\41036  |9 60857 
610 1 |a экономика 
610 1 |a теория 
610 1 |a методика 
610 1 |a управление 
610 1 |a маркетинговые исследования 
610 1 |a маркетинговая информация 
610 1 |a маркетинговая среда 
610 1 |a потребительские рынки 
610 1 |a рынок организаций 
610 1 |a сегментирование рынка 
610 1 |a товары 
610 1 |a ценообразование 
610 1 |a распространение 
610 1 |a продвижение 
610 1 |a маркетинговые стратегии 
610 1 |a маркетинговые коммуникации 
610 1 |a реклама 
610 1 |a сбыт 
610 1 |a планирование 
610 1 |a тесты 
610 1 |a учебные пособия 
686 |a У9(2)212.4я73  |v LBC/SL-A  |2 rubbk 
700 1 |a Бронникова  |b Т. С.  |g Тамара Семеновна 
801 1 |a RU  |b 63413507  |c 20130418 
801 2 |a RU  |b 63413507  |c 20150519  |g RCR 
900 |a Маркетинг 
942 |c BK 
951 |b 080200  |b 080507 
959 |a 81/20130418  |d 5  |e 240,00  |f ЧЗГЛ:1  |f АНЛ:1  |f УФ:3